| 000 | 003630000a22001570004500 | ||
|---|---|---|---|
| 001 | 003072 | ||
| 003 | MACL | ||
| 040 | _aMACL | ||
| 090 |
_c15065 _d15064 |
||
| 100 | _aTandon, P.N. | ||
| 245 |
_aConsciousness Clinical And Beyond _cP.N. Tandon |
||
| 260 |
_aIndian Institute Of Advanced Study, _c2001 |
||
| 350 | _a60 | ||
| 650 | _aPsychology | ||
| 942 |
_k153 _cBook |
||
| 999 |
_c14978 _d14978 |
||